The global politics of human rights: From human rights to human dignity? (Record no. 510466)
[ view plain ]
| 000 -LEADER | |
|---|---|
| fixed length control field | 00551nam a2200169 4500 |
| 008 - FIXED-LENGTH DATA ELEMENTS--GENERAL INFORMATION | |
| fixed length control field | 190818b ||||| |||| 00| 0 eng d |
| 100 ## - MAIN ENTRY--PERSONAL NAME | |
| Personal name | Regilme, Salvador Santino F |
| 245 ## - TITLE STATEMENT | |
| Title | The global politics of human rights: From human rights to human dignity? |
| 260 ## - PUBLICATION, DISTRIBUTION, ETC. (IMPRINT) | |
| Date of publication, distribution, etc | 2019 |
| 300 ## - PHYSICAL DESCRIPTION | |
| Extent | p.279-290. |
| 650 ## - SUBJECT ADDED ENTRY--TOPICAL TERM | |
| Topical term or geographic name as entry element | Human rights - United States |
| 9 (RLIN) | 8524 |
| 650 ## - SUBJECT ADDED ENTRY--TOPICAL TERM | |
| Topical term or geographic name as entry element | Human rights - China |
| 9 (RLIN) | 8525 |
| 650 ## - SUBJECT ADDED ENTRY--TOPICAL TERM | |
| Topical term or geographic name as entry element | Human rights - European Union |
| 9 (RLIN) | 8526 |
| 773 ## - HOST ITEM ENTRY | |
| Main entry heading | International Political Science Review |
| 906 ## - LOCAL DATA ELEMENT F, LDF (RLIN) | |
| Subject DIP | Human rights |
| 942 ## - ADDED ENTRY ELEMENTS (KOHA) | |
| Source of classification or shelving scheme | |
| Item type | Articles |
No items available.
